Mega Manga (Registro nro. 35864)
[ vista simple ]
| 000 -CABECERA | |
|---|---|
| Longitud fija campo de control | 00808nam a22002537a 4500 |
| 003 - • IDENTIFICADOR DELl NÚMERO DE CONTROL | |
| Identificador del número de control | CO-ViMGA |
| 008 - • CÓDIGOS DE INFORMACIÓN DE LONGITUD FIJA | |
| Códigos de información de longitud fija | 160901b xxu||||| |||| 00| 0 eng d |
| 020 ## - • NÚMERO INTERNACIONAL NORMALIZADO PARA LIBROS | |
| Número Internacional Normalizado para Libros (ISBN) | 9789583032455 |
| 040 ## - FUENTE DE LA CATALOGACIÓN | |
| Centro catalogador de origen | CO-ViMGA |
| Lengua de catalogación | spa |
| Centro transcriptor | CO-ViMGA |
| 041 ## - • CÓDIGO DE LENGUA | |
| Código de lengua original | Esp |
| 082 04 - • NÚMERO DE LA CLASIFICACIÓN DECIMAL DEWEY | |
| Número de clasificación (R) | 741 |
| Número del ítem | S717m |
| 100 1# - • PUNTO DE ACCESO PRINCIPAL-NOMBRE DE PERSONA | |
| Nombre de persona | Sparrow, Keith |
| 245 10 - • TITULO PROPIAMENTE DICHO | |
| Título | Mega Manga |
| Resto del título | La Guía Completa para el Dibujo Manga |
| Mención de responsabilidad, etc. | / Keith Sparrow |
| 246 ## - • VARIANTES DE TÍTULO | |
| Título propio / Título en breve | Mega Manga |
| 250 ## - • MENCIÓN DE EDICIÓN | |
| Mención de edición | Primera |
| 300 ## - • DESCRIPCIÓN FÍSICA | |
| Extensión | 288 p |
| Otras características físicas | : il.; a Color |
| 500 ## - • NOTA GENERAL | |
| Nota general | Incluye Índice |
| 650 14 - • PUNTO DE ACCESO ADICIONAL DE MATERIA - TÉRMINO DE MATERIA | |
| Término de materia o nombre geográfico como elemento inicial | Caricaturas |
| Subdivisión de forma | Dibujos |
| Subdivisión de materia general | Técnicas |
| 650 14 - • PUNTO DE ACCESO ADICIONAL DE MATERIA - TÉRMINO DE MATERIA | |
| Término de materia o nombre geográfico como elemento inicial | Manga |
| Subdivisión de forma | Cómic Japonés |
| Subdivisión de materia general | Técnicas |
| 650 14 - • PUNTO DE ACCESO ADICIONAL DE MATERIA - TÉRMINO DE MATERIA | |
| Término de materia o nombre geográfico como elemento inicial | Tiras Cómicas |
| Subdivisión de forma | Historietas |
| Subdivisión de materia general | Técnicas |
| 710 ## - • PUNTO DE ACCESO ADICIONAL - NOMBRE DE ENTIDAD | |
| Nombre de entidad o nombre de jurisdicción como elemento inicial | Axis Publishing Limited |
| 942 ## - ENTRADA DE ELEMENTOS AGREGADOS (KOHA) | |
| Fuente de clasificaión o esquema | Dewey Decimal Classification |
| Koha [por defecto] tipo de item | LIbro |
| Perdido | Fuente de clasificación o esquema | Estado Físico | No para préstamo | Forma de adquisición | Localización permanente | Localización actual | Fecha adquisición | Coste, precio normal de compra | Préstamos totales | Renovaciones totales | Signatura completa | Código de barras | Fecha última consulta | Fecha último préstamo | Número de copia | Fecha del precio de reemplazo | Tipo de item de Koha | Localización en estanterías | Prestado | Note pública |
|---|---|---|---|---|---|---|---|---|---|---|---|---|---|---|---|---|---|---|---|---|
| Sala General | Biblioteca Pública Departamental Eduardo Carranza - Villavicencio | Biblioteca Pública Departamental Eduardo Carranza - Villavicencio | 02/10/2020 | 1 | 1 | 741.5 S61m | ECA682 | 04/27/2026 | 04/27/2026 | Ej.1 | 11/26/2024 | LIbro | General | 05/25/2026 | 20538 | 26492 | |||||
| Dewey Decimal Classification | Sala Especializada Tercer Piso | Biblioteca Pública Germán Arciniegas - Villavicencio | Biblioteca Pública Germán Arciniegas - Villavicencio | 09/01/2016 | 59500.00 | 4 | 4 | 741 S717m | 30413 | 05/14/2019 | 05/02/2019 | Ej. 1 | 09/01/2016 | LIbro |